000 00464nam a2200193Ia 4500
005 20240823011222.0
008 240823s9999||||xx |||||||||||||| ||und||
041 _aENGLISH
082 _A658.3124 P1
100 _aMargaret Anne Reid
245 0 _aTraining Interventions
250 _a1st
260 _c2001
_b"Jaico,Mumbai"
500 _aYES
650 _aManagement
_bManagement Studies
700 _a" Barrington,Harry"
942 _cBK
999 _c160900
_d160900